[Event "CHN-chT Div-B"]
[Site "Hainan"]
[Date "2023.02.07"]
[Round "3"]
[White "Hu, Yi"]
[Black "Wang, Doudou"]
[Result "1/2-1/2"]
[WhiteElo "2054"]
[BlackElo "2157"]
[PlyCount "59"]
[EventDate "2023.02.06"]
[EventType "team-tourn"]
[EventRounds "9"]
[EventCountry "CHN"]
[SourceTitle "CBM 213 Extra"]
[Source "ChessBase"]
[SourceDate "2023.05.31"]
[SourceVersion "1"]
[SourceVersionDate "2023.05.31"]
[SourceQuality "1"]
[WhiteTeam "Qingdao Chess Association"]
[BlackTeam "Hangzhou Chess Assoc"]
[WhiteTeamCountry "CHN"]
[BlackTeamCountry "CHN"]

1. e4 c5 2. Nf3 Nc6 3. Bb5 g6 4. 0-0 Bg7 5. d3 e5 6. Bxc6 dxc6 7. Be3 Qe7 8. Nbd2 Nf6 9. Nb3 b6 10. a4 a5 11. Qe1 0-0 12. Qc3 Nd7 13. Nbd2 Ba6 14. Rfe1 Rfe8 15. Nc4 Rab8 16. Rad1 Kh8 17. Qb3 f6 18. c3 Qe6 19. Nfd2 h5 20. Qc2 Nf8 21. f4 Nd7 22. Rf1 exf4 23. Bxf4 Ne5 24. Bxe5 fxe5 25. Rf3 Rf8 26. Rdf1 Rxf3 27. Rxf3 Bh6 28. Qd1 Kg7 29. Qf1 b5 30. axb5 1/2-1/2

[Event "CHN-chTB"]
[Site "Harbin"]
[Date "2019.07.23"]
[Round "5.2"]
[White "Bodnaruk, Anastasia"]
[Black "Hu, Yi"]
[Result "1-0"]
[WhiteElo "2440"]
[BlackElo "2070"]
[PlyCount "131"]
[EventDate "2019.07.20"]
[EventType "team-swiss"]
[EventRounds "11"]
[EventCountry "CHN"]
[SourceTitle "CBM 191 Extra"]
[Source "ChessBase"]
[SourceDate "2019.09.30"]
[SourceVersion "1"]
[SourceVersionDate "2019.09.30"]
[SourceQuality "1"]
[WhiteTeam "Shanghai Qi Yuan"]
[BlackTeam "Qingdao Chess Association"]
[WhiteTeamCountry "CHN"]
[BlackTeamCountry "CHN"]

1. e4 c5 2. b3 Nc6 3. Bb2 e6 4. Nf3 Qc7 5. c4 a6 6. a3 d6 7. d4 cxd4 8. Nxd4 Nf6 9. Bd3 Be7 10. 0-0 Bd7 11. Nd2 Nxd4 12. Bxd4 Bc6 13. Rc1 Qa5 14. Bb2 Qh5 15. f3 0-0 16. b4 Rfd8 17. Qe2 Ba4 18. Bd4 Nd7 19. g4 Qh3 20. Bc2 Bxc2 21. Rxc2 Bf6 22. Bxf6 Nxf6 23. Qg2 Qxg2+ 24. Kxg2 Kf8 25. Nb3 b6 26. Rd1 h6 27. Rcd2 Ke7 28. b5 axb5 29. Nd4 Rdc8 30. Nxb5 Rxc4 31. Rxd6 Rb8 32. Kg3 Rc5 33. Na7 Kf8 34. Nc6 Re8 35. R1d3 g5 36. Nd4 h5 37. h3 h4+ 38. Kf2 Rb8 39. Rb3 Rc4 40. Ke3 Ra4 41. Nc2 b5 42. Nb4 Rba8 43. Rdd3 Ke8 44. Nc2 R8a5 45. Rbc3 Ra7 46. Rc8+ Ke7 47. Nb4 Nd7 48. Nc6+ Kf6 49. Nxa7 Rxa7 50. f4 gxf4+ 51. Kxf4 Nb6 52. Rb8 Nc4 53. Rxb5 Nxa3 54. Rh5 Nc4 55. Rxh4 Ra2 56. Rh6+ Kg7 57. Rh5 Kg6 58. Rc5 Ra4 59. Rd4 Ra3 60. Rdxc4 Rxh3 61. Rg5+ Kf6 62. e5+ Ke7 63. Rg8 Kd7 64. Ra8 Rd3 65. Ra7+ Ke8 66. Rc8+ 1-0

[Event "CHN-chN (Women)"]
[Site "Jiangmen"]
[Date "2018.07.19"]
[Round "3"]
[White "Zhang, Lanlin"]
[Black "Hu, Yi"]
[Result "1/2-1/2"]
[WhiteElo "2199"]
[BlackElo "2069"]
[PlyCount "84"]
[EventDate "2018.07.18"]
[EventType "swiss"]
[EventRounds "11"]
[EventCountry "CHN"]
[SourceTitle "CBM 185 Extra"]
[Source "ChessBase"]
[SourceDate "2018.07.29"]
[SourceVersion "1"]
[SourceVersionDate "2018.07.29"]
[SourceQuality "1"]

1. e4 c5 2. Nf3 d6 3. d4 cxd4 4. Nxd4 Nf6 5. Nc3 g6 6. Be2 Bg7 7. 0-0 Nc6 8. Be3 0-0 9. Kh1 Bd7 10. Nb3 Rc8 11. f4 Be6 12. Bf3 a6 13. a4 Na5 14. Nxa5 Qxa5 15. Nd5 Nxd5 16. exd5 Bd7 17. c3 Rc4 18. Qb3 Rxa4 19. Rxa4 Qxa4 20. Qxb7 Qb5 21. Qxb5 Bxb5 22. Ra1 Rb8 23. Ra3 Bc4 24. b4 h5 25. Kg1 Kf8 26. Kf2 Rc8 27. Bd2 Ke8 28. Be2 Bxd5 29. Bxa6 Ra8 30. Ra5 e6 31. g3 Kd8 32. c4 Bc6 33. Ke3 Kc7 34. Kd3 Bg2 35. Ke2 Bd4 36. Bb5 f6 37. Rxa8 Bxa8 38. Kd3 Bg1 39. Be8 Bxh2 40. Be1 Bg1 41. Bxg6 Bf3 42. b5 Bb6 1/2-1/2

[Event "Southwest Class-ch 8th"]
[Site "Fort Worth"]
[Date "2017.02.19"]
[Round "6"]
[White "Hu, Yi"]
[Black "Premkumar, Hiren"]
[Result "1/2-1/2"]
[WhiteElo "2152"]
[BlackElo "1857"]
[PlyCount "141"]
[EventDate "2017.02.16"]
[EventType "swiss"]
[EventRounds "9"]
[EventCountry "USA"]
[SourceTitle "EXT 2018"]
[Source "ChessBase"]
[SourceDate "2017.10.13"]
[SourceVersion "1"]
[SourceVersionDate "2017.10.13"]
[SourceQuality "1"]

1. e4 e6 2. d4 d5 3. Nd2 Be7 4. e5 c5 5. c3 Nc6 6. Ngf3 Bd7 7. Nb3 c4 8. Nbd2 f6 9. exf6 Nxf6 10. Be2 0-0 11. 0-0 Bd6 12. Re1 b5 13. b3 Qc7 14. g3 Rae8 15. a4 a6 16. axb5 axb5 17. bxc4 bxc4 18. Ba3 Bxa3 19. Rxa3 e5 20. dxe5 Nxe5 21. Nxe5 Rxe5 22. Bf3 Rfe8 23. Rxe5 Qxe5 24. h4 Bf5 25. Nf1 Bd3 26. Kg2 Ne4 27. Qa1 Bxf1+ 28. Qxf1 Nxc3 29. Rxc3 Qxc3 30. Bxd5+ Kh8 31. Qxc4 Qe1 32. Bf3 Qe5 33. Qd5 Qe7 34. Qb7 Qe1 35. Qf7 Rd8 36. Qf5 Qe7 37. Be4 g6 38. Qf3 Qe5 39. Qg4 Kg7 40. Bf3 Rd4 41. Qc8 Qd6 42. Qc6 Qxc6 43. Bxc6 Kf6 44. Kf3 Ke5 45. Ke3 Rb4 46. f3 Rb3+ 47. Kf2 Kd4 48. g4 Rb2+ 49. Kg3 Ke3 50. Be4 Rb5 51. Bc6 Rc5 52. Be4 Rc7 53. Kg2 Kf4 54. Bd5 Rc2+ 55. Kh3 Rf2 56. Be4 Rxf3+ 57. Bxf3 Kxf3 58. g5 Kf4 59. h5 gxh5 60. Kh4 Kf5 61. Kh3 Kxg5 62. Kg2 h4 63. Kh3 Kh5 64. Kh2 Kg4 65. Kg2 h6 66. Kh2 h5 67. Kg2 h3+ 68. Kh2 Kh4 69. Kh1 Kg3 70. Kg1 h2+ 71. Kh1 1/2-1/2

[Event "Southwest Class-ch 8th"]
[Site "Fort Worth"]
[Date "2017.02.17"]
[Round "2"]
[White "Hu, Yi"]
[Black "Chandra, Akshat"]
[Result "0-1"]
[WhiteElo "2152"]
[BlackElo "2512"]
[PlyCount "62"]
[EventDate "2017.02.16"]
[EventType "swiss"]
[EventRounds "9"]
[EventCountry "USA"]
[SourceTitle "EXT 2018"]
[Source "ChessBase"]
[SourceDate "2017.10.13"]
[SourceVersion "1"]
[SourceVersionDate "2017.10.13"]
[SourceQuality "1"]

1. e4 c5 2. Nf3 d6 3. d4 cxd4 4. Nxd4 Nf6 5. Nc3 a6 6. Be2 Nbd7 7. f4 g6 8. Be3 b5 9. Bf3 e5 10. Nb3 Bb7 11. a3 exf4 12. Bxf4 Ne5 13. 0-0 Bg7 14. Kh1 0-0 15. Bxe5 dxe5 16. Nc5 Bc6 17. Qe1 Qe7 18. Qf2 a5 19. b4 Rfd8 20. Qe3 Qa7 21. Ra2 Nd7 22. a4 axb4 23. axb5 Qxc5 24. Qxc5 Nxc5 25. bxc6 bxc3 26. c7 Rdc8 27. Bg4 Ne6 28. Bxe6 fxe6 29. Rxa8 Rxa8 30. Rb1 Bf8 31. Kg1 Rc8 0-1

[Event "Budapest FS02 Elo-B"]
[Site "Budapest"]
[Date "2000.??.??"]
[Round "?"]
[White "Banhazi, Istvan"]
[Black "Hu, Yi"]
[Result "0-1"]
[WhiteElo "2106"]
[BlackElo "2275"]
[PlyCount "66"]
[EventDate "2000.02.??"]
[EventType "tourn"]
[EventRounds "9"]
[EventCountry "HUN"]
[SourceTitle "EXT 2001"]
[Source "ChessBase"]
[SourceDate "2000.11.22"]
[SourceVersion "1"]
[SourceVersionDate "2000.11.22"]
[SourceQuality "1"]

1. d4 d5 2. c4 e6 3. Nc3 Nf6 4. Nf3 Nbd7 5. e3 c5 6. cxd5 Nxd5 7. Nxd5 exd5 8. g3 Nf6 9. Bg2 Be7 10. 0-0 0-0 11. dxc5 Bxc5 12. Nd4 Be6 13. b3 Qd7 14. Bb2 Bh3 15. Qd3 Rac8 16. Rfc1 Bxg2 17. Kxg2 Ne4 18. Rc2 Bxd4 19. Qxd4 f6 20. Rac1 Rxc2 21. Rxc2 Qf5 22. Qd1 Rd8 23. f3 Ng5 24. g4 Qe6 25. Qd4 h5 26. h4 Nf7 27. g5 Ne5 28. Qf4 Ng6 29. Qd4 Rf8 30. Rd2 Kh7 31. Kg3 Ne7 32. e4 dxe4 33. fxe4 Qg4+ 0-1

[Event "Budapest FS12 IM-A"]
[Site "Budapest"]
[Date "1999.12.13"]
[Round "10"]
[White "Hu, Yi"]
[Black "Jurkovic, Ante"]
[Result "0-1"]
[WhiteElo "2375"]
[BlackElo "2339"]
[PlyCount "108"]
[EventDate "1999.12.04"]
[EventType "tourn"]
[EventRounds "12"]
[EventCountry "HUN"]
[EventCategory "4"]
[SourceTitle "CBM 073 Extra"]
[Source "ChessBase"]
[SourceDate "2000.01.11"]
[SourceVersion "1"]
[SourceVersionDate "2000.01.11"]
[SourceQuality "1"]

1. e4 e6 2. d4 d5 3. Nd2 Nf6 4. e5 Nfd7 5. Bd3 c5 6. c3 Nc6 7. Ne2 cxd4 8. cxd4 f6 9. exf6 Nxf6 10. Nf3 Bd6 11. 0-0 Qc7 12. Nc3 a6 13. Bg5 0-0 14. Rc1 Bd7 15. Bh4 Rae8 16. Bg3 Bxg3 17. hxg3 Qd8 18. Bb1 Ng4 19. Qd3 g6 20. Ne2 Nb4 21. Qb3 Bb5 22. Rce1 a5 23. a3 Bc4 24. Qd1 Bxe2 25. Rxe2 Nc6 26. Rfe1 Qf6 27. Qd2 Re7 28. b4 axb4 29. axb4 Kg7 30. Ba2 Qf5 31. b5 Nd8 32. Ne5 Rc7 33. Nxg4 Qxg4 34. Re5 Rf5 35. Bb3 h6 36. Qe3 Qg5 37. f4 Qf6 38. Rc1 Rxc1+ 39. Qxc1 Nf7 40. Qc7 Rxe5 41. fxe5 Qg5 42. Qc3 Qd8 43. Qc5 h5 44. b6 h4 45. gxh4 Qxh4 46. Ba4 Qe1+ 47. Kh2 Ng5 48. Bc6 Qh4+ 49. Kg1 Ne4 50. Qc2 Qe1+ 51. Kh2 Qg3+ 52. Kg1 Qe3+ 53. Kh1 Nf2+ 54. Kg1 Ng4+ 0-1

[Event "Budapest FS12 IM-A"]
[Site "Budapest"]
[Date "1999.12.09"]
[Round "6"]
[White "Hu, Yi"]
[Black "Ryjanova, Julia"]
[Result "0-1"]
[WhiteElo "2375"]
[BlackElo "2325"]
[PlyCount "84"]
[EventDate "1999.12.04"]
[EventType "tourn"]
[EventRounds "12"]
[EventCountry "HUN"]
[EventCategory "4"]
[SourceTitle "CBM 073 Extra"]
[Source "ChessBase"]
[SourceDate "2000.01.11"]
[SourceVersion "1"]
[SourceVersionDate "2000.01.11"]
[SourceQuality "1"]

1. e4 c5 2. Nf3 Nc6 3. d4 cxd4 4. Nxd4 Nf6 5. Nc3 d6 6. Be2 e5 7. Nb3 Be7 8. Be3 0-0 9. 0-0 a5 10. f3 a4 11. Nd2 Nd4 12. Nc4 b5 13. Bxd4 bxc4 14. Be3 Be6 15. Qd2 Qa5 16. Rfd1 Rfb8 17. Rab1 h6 18. f4 exf4 19. Bxf4 Rd8 20. Bf3 Ra6 21. Kh1 Nd7 22. Nd5 Bxd5 23. Qxd5 Qxd5 24. Rxd5 Rb8 25. Be2 Rab6 26. b3 cxb3 27. cxb3 axb3 28. Rxb3 Rxb3 29. axb3 Rxb3 30. Rb5 Rxb5 31. Bxb5 Nc5 32. e5 d5 33. Be3 Ne6 34. Bd7 Bb4 35. Bxe6 fxe6 36. Bd4 Kf7 37. Kg1 Kg6 38. Kf2 Kf5 39. Kf3 h5 40. h3 h4 41. Ke3 Be1 42. Kf3 Bg3 0-1

[Event "Budapest FS11 IM"]
[Site "Budapest"]
[Date "1999.11.15"]
[Round "10"]
[White "Kahn, Evarth"]
[Black "Hu, Yi"]
[Result "1/2-1/2"]
[WhiteElo "2305"]
[BlackElo "2375"]
[PlyCount "39"]
[EventDate "1999.11.06"]
[EventType "tourn"]
[EventRounds "13"]
[EventCountry "HUN"]
[EventCategory "2"]
[SourceTitle "CBM 073 Extra"]
[Source "ChessBase"]
[SourceDate "2000.01.11"]
[SourceVersion "1"]
[SourceVersionDate "2000.01.11"]
[SourceQuality "1"]

1. e4 c5 2. Nf3 d6 3. d4 cxd4 4. Nxd4 Nf6 5. Nc3 a6 6. Bg5 e6 7. f4 Be7 8. Qf3 Nbd7 9. 0-0-0 Qc7 10. g4 b5 11. Bxf6 Nxf6 12. g5 Nd7 13. h4 Bb7 14. Bd3 Rc8 15. h5 Nc5 16. g6 f5 17. h6 hxg6 18. hxg7 Rg8 19. Qg3 Rxg7 20. Rhe1 1/2-1/2

[Event "Budapest FS11 IM"]
[Site "Budapest"]
[Date "1999.11.12"]
[Round "7"]
[White "Resika, Nathan A"]
[Black "Hu, Yi"]
[Result "0-1"]
[WhiteElo "2251"]
[BlackElo "2375"]
[PlyCount "120"]
[EventDate "1999.11.06"]
[EventType "tourn"]
[EventRounds "13"]
[EventCountry "HUN"]
[EventCategory "2"]
[SourceTitle "CBM 073 Extra"]
[Source "ChessBase"]
[SourceDate "2000.01.11"]
[SourceVersion "1"]
[SourceVersionDate "2000.01.11"]
[SourceQuality "1"]

1. e4 e5 2. Bc4 Bc5 3. Nf3 Nc6 4. c3 Nf6 5. d3 h6 6. b4 Bd6 7. Nbd2 0-0 8. Nf1 a5 9. b5 Ne7 10. Ng3 c6 11. a4 Bc7 12. Qe2 d5 13. Ba2 Ng6 14. 0-0 Bg4 15. h3 Be6 16. Nf5 Bxf5 17. exf5 Nf4 18. Bxf4 exf4 19. bxc6 bxc6 20. Nd4 Qd6 21. Qf3 Nd7 22. Nxc6 Qxc6 23. Bxd5 Qa6 24. Bxa8 Rxa8 25. d4 Rc8 26. Qd5 Nf6 27. Qb5 Qxb5 28. axb5 Bb6 29. Rfc1 Ne4 30. Ra2 Nxc3 31. Kf1 Rc7 32. Ra3 Nxb5 33. Rxc7 Nxc7 34. Rc3 a4 35. Rc6 a3 36. Rc4 Nb5 37. d5 a2 38. Ra4 Nc3 39. Ra8+ Kh7 40. d6 g6 41. fxg6+ Kxg6 42. Ke1 Kf5 43. Kd2 Bd4 44. d7 Bf6 45. Kc2 Ke6 46. d8Q Bxd8 47. Ra6+ Kf5 48. Kb2 Bf6 49. Ra8 Be5 50. Rf8 f6 51. f3 Kg5 52. Rg8+ Kh4 53. Rg6 h5 54. Rg8 Ne4+ 55. Kxa2 Ng5 56. Rc8 Kg3 57. Rc2 Bd4 58. Kb3 Bf2 59. Rc6 Kxg2 60. Rxf6 Nxh3 0-1

[Event "Budapest FS11 IM"]
[Site "Budapest"]
[Date "1999.11.08"]
[Round "3"]
[White "Spielmann, Alain"]
[Black "Hu, Yi"]
[Result "1-0"]
[WhiteElo "2241"]
[BlackElo "2375"]
[PlyCount "51"]
[EventDate "1999.11.06"]
[EventType "tourn"]
[EventRounds "13"]
[EventCountry "HUN"]
[EventCategory "2"]
[SourceTitle "CBM 073 Extra"]
[Source "ChessBase"]
[SourceDate "2000.01.11"]
[SourceVersion "1"]
[SourceVersionDate "2000.01.11"]
[SourceQuality "1"]

1. Nf3 d5 2. c4 e6 3. d4 Nf6 4. Nc3 Nbd7 5. cxd5 exd5 6. Bg5 Be7 7. e3 0-0 8. Bd3 c6 9. Qc2 Re8 10. h3 a5 11. g4 Nf8 12. 0-0-0 b5 13. Kb1 a4 14. Rc1 Qa5 15. Bxf6 Bxf6 16. g5 Be7 17. Ne5 Bb7 18. Bxh7+ Nxh7 19. g6 fxg6 20. Qxg6 Nf8 21. Qf7+ Kh8 22. Rhg1 Bf6 23. Rxg7 Bxg7 24. Rg1 Ne6 25. Rg6 Kh7 26. Rh6+ 1-0

[Event "Budapest FS11 IM"]
[Site "Budapest"]
[Date "1999.11.07"]
[Round "2"]
[White "Hu, Yi"]
[Black "Khechumyan, Gagik"]
[Result "0-1"]
[WhiteElo "2375"]
[BlackElo "2332"]
[PlyCount "72"]
[EventDate "1999.11.06"]
[EventType "tourn"]
[EventRounds "13"]
[EventCountry "HUN"]
[EventCategory "2"]
[SourceTitle "EXT 2000"]
[Source "ChessBase"]
[SourceDate "1999.11.16"]
[SourceVersion "1"]
[SourceVersionDate "1999.11.16"]
[SourceQuality "1"]

1. e4 c5 2. Nf3 Nc6 3. d4 cxd4 4. Nxd4 e5 5. Nb5 d6 6. c4 a6 7. N5a3 Nge7 8. Nc3 Nd4 9. Nc2 Nxc2+ 10. Qxc2 Nc6 11. Be3 Be7 12. Be2 Bg5 13. 0-0 0-0 14. Rad1 Be6 15. Qd2 Bxe3 16. fxe3 Qg5 17. Rf3 Rad8 18. Nd5 Bxd5 19. Qxd5 Qe7 20. a3 a5 21. Rff1 Qc7 22. b3 Qb6 23. Qd3 Qc5 24. Ra1 g6 25. Bg4 Kg7 26. Rf3 Ne7 27. Kh1 b5 28. a4 bxc4 29. bxc4 Rb8 30. Bd7 Rbd8 31. Bh3 Qc6 32. Rf2 Rb8 33. Rd2 Rfd8 34. Qc2 Ng8 35. g3 Nf6 36. Bg2 Nd7 0-1